Catálogo

El túnel / (Registro nro. 24177)

Detalles MARC
000 -LEADER
fixed length control field 01228cam a2200349 i 4500
001 - CONTROL NUMBER
control field 24177
003 - CONTROL NUMBER IDENTIFIER
control field Mx-PuUPA
005 - DATE AND TIME OF LATEST TRANSACTION
control field 20260220101704.0
008 - FIXED-LENGTH DATA ELEMENTS--GENERAL INFORMATION
fixed length control field 140415s2018 mx a gr 000 f spa d
020 ## - INTERNATIONAL STANDARD BOOK NUMBER
International Standard Book Number 9786070751929
040 ## - CATALOGING SOURCE
Original cataloging agency Mx-PuUPA
Language of cataloging spa
Transcribing agency Mx-PuUPA
Modifying agency Mx-PuUPA
Description conventions rda
041 0# - LANGUAGE CODE
Language code of text/sound track or separate title spa
043 ## - GEOGRAPHIC AREA CODE
Geographic area code s-ag---
100 1# - MAIN ENTRY--PERSONAL NAME
Personal name Sábato, Ernesto R.,
Dates associated with a name 1911-2011
Relator term autor
9 (RLIN) 2965
245 13 - TITLE STATEMENT
Title El túnel /
Statement of responsibility, etc. Ernesto Sabato
250 ## - EDITION STATEMENT
Edition statement Primera edición /
Remainder of edition statement agosto
264 #1 - PRODUCTION, PUBLICATION, DISTRIBUTION, MANUFACTURE, AND COPYRIGHT NOTICE
Place of production, publication, distribution, manufacture Ciudad de México :
Name of producer, publisher, distributor, manufacturer Seix Barral,
Date of production, publication, distribution, manufacture, or copyright notice ©2018
300 ## - PHYSICAL DESCRIPTION
Extent 185 páginas :
Other physical details ilustraciones ;
Dimensions 23 cm
336 ## - CONTENT TYPE
Fuente rdacontent
Content type term texto
Content type code txt
337 ## - MEDIA TYPE
Source rdamedia
Media type term sin medio
Media type code n
338 ## - CARRIER TYPE
Source rdacarrier
Carrier type term volumen
Carrier type code nc
505 0# - FORMATTED CONTENTS NOTE
Formatted contents note Incluye un apéndice con textos del autor sobre la novela y el expediente completo de la censura en España
650 #7 - SUBJECT ADDED ENTRY--TOPICAL TERM
Source of heading or term armarc
Topical term or geographic name entry element Adicción a las relaciones
Form subdivision Novela
650 #7 - SUBJECT ADDED ENTRY--TOPICAL TERM
Source of heading or term armarc
Topical term or geographic name entry element Conducta compulsiva
Form subdivision Novela
650 #7 - SUBJECT ADDED ENTRY--TOPICAL TERM
Source of heading or term armarc
Topical term or geographic name entry element Pintores
Geographic subdivision Argentina
-- Buenos Aires
Form subdivision Novela
650 #7 - SUBJECT ADDED ENTRY--TOPICAL TERM
Source of heading or term armarc
Topical term or geographic name entry element Asesinato
Form subdivision Novela
655 #4 - INDEX TERM--GENRE/FORM
Genre/form data or focus term Novela
942 ## - ADDED ENTRY ELEMENTS (KOHA)
Source of classification or shelving scheme Dewey Decimal Classification
Koha item type Libro
Classification part 863
Item part S53
Existencias
Withdrawn status Lost status Source of classification or shelving scheme Damaged status Not for loan Collection code Home library Current library Shelving location Date acquired Source of acquisition Cost, normal purchase price Total Checkouts Full call number Barcode Date last seen Cost, replacement price Price effective from Koha item type
    Dewey Decimal Classification     General Biblioteca Karol Wojtyla Biblioteca Karol Wojtyla Sala general 05/03/2025 Donación 0.00   863 S53 2018 45157 24/02/2026 0.00 03/12/2013 Libro